MARC details
| 000 -CABECERA |
| campo de control de longitud fija |
04093nam a2200445 a 4500 |
| 001 - NÚMERO DE CONTROL |
| campo de control |
dia_4600 |
| 003 - IDENTIFICADOR DEL NÚMERO DE CONTROL |
| campo de control |
CHAP |
| 005 - FECHA Y HORA DE LA ÚLTIMA TRANSACCIÓN |
| campo de control |
20250704134947.0 |
| 007 - CAMPO FIJO DE DESCRIPCIÓN FÍSICA--INFORMACIÓN GENERAL |
| campo de control de longitud fija |
ta |
| 008 - DATOS DE LONGITUD FIJA--INFORMACIÓN GENERAL |
| campo de control de longitud fija |
220117s2009 mx ado frm 001 0 spa d |
| 010 ## - NÚMERO DE CONTROL DE LA BIBLIOTECA DEL CONGRESO |
| Número de control de LC |
175265 |
| 040 ## - FUENTE DE LA CATALOGACIÓN |
| Centro catalogador/agencia de origen |
mxchpua |
| Centro/agencia transcriptor |
CHAP |
| 041 0# - CÓDIGO DE LENGUA |
| Código de lengua del texto/banda sonora o título independiente |
spa |
| Código de lengua del sumario o resumen |
eng |
| 090 ## - LOCALMENTE ASIGNADO TIPO-LC NÚMERO DE CLASIFICACIÓN (OCLC); NÚMERO DE CLASIFICACIÓN LOCAL (RLIN) |
| Número de clasificación (OCLC) (R) ; Numero de clasificación, CALL (RLIN) (NR) |
Tesis |
| Número cutter local (OCLC) ; Número de libro/Signatura topográfica íntegra, CALL (RLIN) |
C33 |
| año |
2009 |
| 100 1# - ENTRADA PRINCIPAL--NOMBRE DE PERSONA |
| Nombre de persona |
Cabrera Meza, Janet |
| 240 10 - TÍTULO UNIFORME |
| Título uniforme |
Sensory evaluation of huitlacoche soup prepared from dehydrated product. |
| Lenguaje de la obra |
Español |
| 245 10 - MENCIÓN DE TÍTULO |
| Título |
Evaluación sensorial de sopa de huitlacoche elaborada a partir del producto deshidratado / |
| Mención de responsabilidad, etc. |
Janet Cabrera Meza |
| 264 ## - PRODUCCIÓN, PUBLICACIÓN, DISTRIBUCIÓN, FABRICACIÓN Y COPYRIGHT |
| Producción, publicación, distribución, fabricación y copyright |
Chapingo, México : |
| Nombre del de productor, editor, distribuidor, fabricante |
El autor, |
| Fecha de producción, publicación, distribución, fabricación o copyright |
2009 |
| 300 ## - DESCRIPCIÓN FÍSICA |
| Extensión |
xviii, 175 hojas : |
| Otras características físicas |
ilustraciones, tablas, gráficas, fotografías |
| 336 ## - TIPO DE CONTENIDO |
| Fuente |
rdacontent |
| Término de tipo de contenido |
texto |
| Código de tipo de contenido |
txt |
| 337 ## - TIPO DE MEDIO |
| Fuente |
rdamedia |
| Nombre/término del tipo de medio |
no mediado |
| Código del tipo de medio |
n |
| 338 ## - TIPO DE SOPORTE |
| Fuente |
rdacarrier |
| Nombre/término del tipo de soporte |
volumen |
| Código del tipo de soporte |
nc |
| 502 ## - NOTA DE TESIS |
| Nota de tesis |
Tesis |
| Tipo de título |
(Maestro en Ciencias en Ciencia y Tecnología Agroalimentaria) -- |
| Nombre de la institución que otorga el título |
UACh. Departamento de Ingeniería Agroindustrial, |
| Año de obtención del título |
2009 |
| 504 ## - NOTA DE BIBLIOGRAFÍA, ETC. |
| Nota de bibliografía, etc. |
Bibliografía: hojas 150-172 |
| 520 3# - SUMARIO, ETC. |
| Sumario, etc. |
Con la finalidad de ofrecer alternativas para alargar la vida de anaquel del huitlacoche, se obtuvo el producto deshidratado, a partir de! cual se elaboró una sopa. El secado se realizó a 70± 2 "O y se caracterizó a través de la cinética de secado y cambios de pH y color. La estabilidad del producto se evaluó con ayuda de las isotermas de sorción y análisis microbiológicos. La sopa con producto deshidratado se comparó sensorialmente con una elaborada con huitlacoche fresco. El proceso de secado ocurrió mayormente en el período de velocidad de secado decreciente. El pH del huitlacoche se mantuvo estable durante casi todo el proceso de secado; mientras que los parámetros de color se modificaron. El crecimiento de microorganismos se presentó en producto con actividad de agua mayor a 0.6; encontrándose principalmente la presencia de Aspergillus sp. Y Penicillum sp. Las sopas de huitlacoche fresco y deshidratado fueron percibidas diferentes, la proporción de personas que detectaron diferencia resultó mayor del 30%. La sopa de producto deshidratado presentó sensorialmente un menor aroma y sabor característico de! huitlacoche guisado.Las cuentas de mesófilos aerobios y coliformes en el producto se encontraron dentro de límites aceptables. |
| 520 3# - SUMARIO, ETC. |
| Sumario, etc. |
As an alternative to increase the shelf life of huitlacoche, the dehydrated product was obtained, from which a soup was made. Drying took place at 70+ 2 "C and was characterized by drying kinetics and pH and color changes. Product stability was evaiuated using sorption isotherms and microbiological analysis The soup preparad with dehydrated product was sensory compared with one made with fresh huitlacoche. The drying process took place mainly during the decreasing drying period. The huitlacoche pH remained constan! during almost the entire drying process. while color parameters changed. Microbial growth was observed at water activity valúes higher than 0.6, with Aspergillus sp. y Penicillum sp. Being the principal contaminants found. The fresh and dehydrated huitlacoche soups were perceived differentiy. The proportion of people that detected differences was more than 30%. The soup made from dehydrated product presented, from the sensory point of view, a lesser aroma and flavor characteristio of huitlacoche stew. The aerobio mesophilic and ooliform microorganlsms in the product were within the acceptable limits |
| 650 13 - PUNTO DE ACCESO ADICIONAL DE MATERIA--TÉRMINO DE MATERIA |
| Término de materia o nombre geográfico como elemento de entrada |
Alimentos deshidratados |
| Fuente del encabezamiento o término |
atg |
| 650 13 - PUNTO DE ACCESO ADICIONAL DE MATERIA--TÉRMINO DE MATERIA |
| Término de materia o nombre geográfico como elemento de entrada |
Sopas |
| Fuente del encabezamiento o término |
atg |
| Subdivisión general |
Evaluación sensorial de los alimentos |
| 650 13 - PUNTO DE ACCESO ADICIONAL DE MATERIA--TÉRMINO DE MATERIA |
| Término de materia o nombre geográfico como elemento de entrada |
Dried foods |
| 650 13 - PUNTO DE ACCESO ADICIONAL DE MATERIA--TÉRMINO DE MATERIA |
| Término de materia o nombre geográfico como elemento de entrada |
Soups |
| Subdivisión general |
Sensory evaluation |
| Fuente del encabezamiento o término |
atg |
| 650 13 - PUNTO DE ACCESO ADICIONAL DE MATERIA--TÉRMINO DE MATERIA |
| Término de materia o nombre geográfico como elemento de entrada |
Ustilago zeae |
| Fuente del encabezamiento o término |
atg |
| 700 1# - PUNTO DE ACCESO ADICIONAL--NOMBRE DE PERSONA |
| Nombre de persona |
Espinosa Solares, Teodoro |
| Término indicativo de función/relación |
director |
| 700 1# - PUNTO DE ACCESO ADICIONAL--NOMBRE DE PERSONA |
| Nombre de persona |
Aguirre Mandujano, Eleazar |
| Término indicativo de función/relación |
asesor |
| 700 1# - PUNTO DE ACCESO ADICIONAL--NOMBRE DE PERSONA |
| Nombre de persona |
Hernández Montes, Arturo |
| Término indicativo de función/relación |
asesor |
| 856 42 - LOCALIZACIÓN Y ACCESO ELECTRÓNICOS |
| Identificador Uniforme del Recurso |
<a href="http://10.13.5.2/tesis/108196.pdf">http://10.13.5.2/tesis/108196.pdf</a> |
| Texto de enlace |
DESCARGAR PDF |
| 901 ## - ELEMENTOS DE DATOS A LOCAL LDA (RLIN) |
| a |
TESIS C33 2009 |
| 942 ## - ELEMENTOS DE PUNTO DE ACCESO ADICIONAL (KOHA) |
| Tipo de ítem Koha |
TESIS |
| Fuente del sistema de clasificación o colocación |
Clasificación Universidad Autónoma Chapingo |
| 902 ## - ELEMENTOS DE DATOS B LOCAL, LDB (RLIN) |
| a |
M |
| 905 ## - ELEMENTOS DE DATOS E LOCAL, LDE (RLIN) |
| a |
5232272009 MX A M 8223123322SPA16 |